LEADER 00798nam0-2200289---450- 001 990008321930403321 005 20060508114502.0 035 $a000832193 035 $aFED01000832193 035 $a(Aleph)000832193FED01 035 $a000832193 100 $a20060508d1923----km-y0itay50------ba 101 0 $aita 102 $aIT 105 $aa-------001yy 200 1 $aBagni di Lucca$eLa Svizzera di Toscana 210 $aMilano$cSonzogno$d[1923] 215 $a16 p.$cill.$d34 cm 225 1 $a<>cento cittą d'Italia illustrate$fa cura di Guido Vicenzoni$v92 610 0 $aToscana 801 0$aIT$bUNINA$gRICA$2UNIMARC 901 $aBK 912 $a990008321930403321 952 $aM-03b-002(092)$bIst. 2158$fILFGE 959 $aILFGE 996 $aBagni di Lucca$9744623 997 $aUNINA LEADER 01770oam 2200565Ka 450 001 9910712943103321 005 20180920060354.7 024 8 $aGOVPUB-C13-aeba98cca33e504c2a75eb3217f936a7 035 $a(CKB)5470000002498763 035 $a(OCoLC)726773970 035 $a(OCoLC)995470000002498763 035 $a(EXLCZ)995470000002498763 100 $a20110523d1953 ua 0 101 0 $aeng 135 $aurbn||||||abp 135 $aurbn||||||ada 181 $ctxt$2rdacontent 182 $cc$2rdamedia 183 $acr$2rdacarrier 200 10$aStudies of stone-setting mortars /$fDaniel W. Kessler and Ross E. Anderson 210 1$aWashington, D.C. :$cU.S. Dept. of Commerce, National Bureau of Standards :$cU.S. G.P.O.,$d1953. 215 $a1 online resource (iii, 23 pages) $cillustrations 225 1 $aBuilding materials and structures report ;$v139 300 $aContributed record: Metadata reviewed, not verified. Some fields updated by batch processes. 320 $aIncludes bibliographical references (page 23).$b11 606 $aMasonry 606 $aMortar$xTesting 606 $aStonemasonry 606 $aMasonry$2fast 606 $aMortar$xTesting$2fast 606 $aStonemasonry$2fast 615 0$aMasonry. 615 0$aMortar$xTesting. 615 0$aStonemasonry. 615 7$aMasonry. 615 7$aMortar$xTesting. 615 7$aStonemasonry. 700 $aKessler$b Daniel W$01406039 701 $aAnderson$b Ross E$01406040 801 0$bOCLCE 801 1$bOCLCE 801 2$bOCLCQ 801 2$bOCLCF 801 2$bOCLCQ 801 2$bOCLCO 801 2$bOCLCQ 906 $aBOOK 912 $a9910712943103321 996 $aStudies of stone-setting mortars$93483919 997 $aUNINA LEADER 04160nam 2200637 a 450 001 9910786118303321 005 20230803025618.0 010 $a0-8173-8624-6 035 $a(CKB)2670000000340127 035 $a(EBL)1153510 035 $a(OCoLC)831118450 035 $a(SSID)ssj0000855752 035 $a(PQKBManifestationID)11488938 035 $a(PQKBTitleCode)TC0000855752 035 $a(PQKBWorkID)10811697 035 $a(PQKB)11504124 035 $a(MiAaPQ)EBC1153510 035 $a(OCoLC)840607708 035 $a(MdBmJHUP)muse19107 035 $a(Au-PeEL)EBL1153510 035 $a(CaPaEBR)ebr10678103 035 $a(EXLCZ)992670000000340127 100 $a20120913d2013 uy 0 101 0 $aeng 135 $aur|n|---||||| 181 $ctxt 182 $cc 183 $acr 200 00$aAnthropology and the politics of representation$b[electronic resource] /$fedited by Gabriela Vargas-Cetina 210 $aTuscaloosa $cUniversity of Alabama Press$dc2013 215 $a1 online resource (316 p.) 300 $aDescription based upon print version of record. 311 $a0-8173-5717-3 320 $aIncludes bibliographical references and index. 327 $aContents; List of Illustrations; Acknowledgments; Introduction: Anthropology and the Politics of Representation / Gabriela Vargas-Cetina; I. Identity Strategies; 1. Double Trouble: Implications of Historicizing Identity Discourses / Les W. Field; 2. Strategic Essentialism, Scholarly Inflation, and Political Litmus Tests: The Moral Economy of Hyping the Contemporary Mayas / David Stoll; 3. Yucatecan Food and the Postcolonial Politics of Representation / Steffan Igor Ayora-Diaz; 4. Subverting Stereotypes: The Visual Politics of Representing Indigenous Modernity / Beth A. Conklin 327 $a5. Labels, Genuine and Spurious: Anthropology and the Politics of Otherness in the United States / Vilma Santiago-IrizarryII. Decentering the Ethnographic Self; 6. "Gone Anthropologist": Epistemic Slippage, Native Anthropology, and the Dilemmas of Representation / Bernard C. Perley; 7. Matthew the Canadian Journalist: Engagement and Representation in Highland Guatemala / Timothy J. Smith; 8. Performing Music, Silence, Noise, and Anthropology in Yucatan, Mexico / Gabriela Vargas-Cetina; 9. Ethnography and the Cultural Politics of Environmentalism / Tracey Heatherington 327 $a10. Notes on the Use and Abuse of Cultural Knowledge / Frederic W. GleachIII. Anthropology in Crucial Places; 11. Rooted or Extinct? Post-Soviet Anthropology and the Construction of Indigenousness / Sergey Sokolovskiy; 12. Anthropology on Trial: Australian Anthropology and Native Title Litigation / Katie Glaskin; 13. The Politics of Europeanization, Representation, and Anthropology in Northern Ireland / Thomas M. Wilson; Epilogue: Identities and the Politics of Representation / June C. Nash; References; List of Contributors; Index 330 $aAnthropology and the Politics of Representation examines the inherently problematic nature of representation and description of living people, specifically in ethnography and more generally in anthropological work as a whole. In Anthropology and the Politics of Representation volume editor Gabriela Vargas-Cetina brings together a group of international scholars who, through their fieldwork experiences, reflect on the epistemological, political, and personal implications of their own work. To do so, they focus on such topics as ethnography, anthropo 606 $aEthnology$xMethodology 606 $aEthnology$xPhilosophy 606 $aRepresentation (Philosophy) 606 $aPolitical anthropology 615 0$aEthnology$xMethodology. 615 0$aEthnology$xPhilosophy. 615 0$aRepresentation (Philosophy) 615 0$aPolitical anthropology. 676 $a305.8001 700 $aVargas-Cetina$b Gabriela$01495445 701 $aVargas-Cetina$b Gabriela$01495445 801 0$bMiAaPQ 801 1$bMiAaPQ 801 2$bMiAaPQ 906 $aBOOK 912 $a9910786118303321 996 $aAnthropology and the politics of representation$93719526 997 $aUNINA LEADER 02784oam 2200709zu 450 001 9910153259403321 005 20230807203809.0 010 $a1-292-01802-X 010 $a1-292-01349-4 035 $a(CKB)2550000001339310 035 $a(SSID)ssj0001548356 035 $a(PQKBManifestationID)16151310 035 $a(PQKBTitleCode)TC0001548356 035 $a(PQKBWorkID)14802153 035 $a(PQKB)10809041 035 $a(MiAaPQ)EBC5137682 035 $a(Au-PeEL)EBL5137682 035 $a(CaONFJC)MIL632474 035 $a(OCoLC)1015884461 035 $a(MiAaPQ)EBC5174009 035 $a(Au-PeEL)EBL5174009 035 $a(CaPaEBR)ebr11478670 035 $a(OCoLC)1015865125 035 $a(MiAaPQ)EBC5175275 035 $a(Au-PeEL)EBL5175275 035 $a(EXLCZ)992550000001339310 100 $a20160829d2015 uy 101 0 $aeng 135 $aurcnu|||||||| 181 $ctxt 182 $cc 183 $acr 200 10$aEquity and trusts 205 $a5th ed. 210 31$a[Place of publication not identified]$cPearson$d2015 215 $a1 online resource (241 pages) 225 0 $aLawExpress Equity and trusts 300 $aBibliographic Level Mode of Issuance: Monograph 311 08$a1-292-01281-1 311 08$a1-322-01223-7 327 $aCover -- Contents -- Acknowledgements -- Introduction -- Guided tour -- Guided tour of the companion website -- Table of cases and statutes -- 1 Nature of equity and trusts -- 2 Equitable remedies and doctrines -- 3 The three certainties -- 4 Formalities -- 5 Constitution -- 6 Secret and half-secret trusts -- 7 Resulting trusts -- 8 Constructive trusts and estoppel -- 9 Charitable trusts -- 10 Non-charitable purpose trusts -- 11 Trusteeship and variation of trusts -- 12 Breach of trust -- And finally, before the exam . . . -- Glossary of terms -- Index. 330 $aThe Law Express series is designed to help you revise effectively. This book is your guide to understanding essential concepts, remembering and applying key legislation and making your answers stand out!. 410 0$aLaw Express 517 $aEquity and trusts 517 $aLaw Express 606 $aEquity$zEngland$vOutlines, syllabi, etc 606 $aTrusts and trustees$zEngland$vOutlines, syllabi, etc 606 $aLaw - Great Britain$2HILCC 606 $aLaw - Non-U.S$2HILCC 606 $aLaw, Politics & Government$2HILCC 615 0$aEquity 615 0$aTrusts and trustees 615 7$aLaw - Great Britain 615 7$aLaw - Non-U.S. 615 7$aLaw, Politics & Government 676 $a346.4205/9 700 $aDuddington$b John$01072195 801 0$bPQKB 906 $aBOOK 912 $a9910153259403321 996 $aEquity and trusts$92568492 997 $aUNINA